[Event "Dubai op 11th"]
[Site "Dubai"]
[Date "2009.05.02"]
[Round "7"]
[White "Brkic, Ante"]
[Black "Georg, Magdy"]
[Result "1-0"]
[WhiteElo "2541"]
[BlackElo "2277"]
[PlyCount "131"]
[EventDate "2009.04.26"]
[EventType "swiss"]
[EventRounds "9"]
[EventCountry "UAE"]
[SourceTitle "CBM 130 Extra"]
[Source "ChessBase"]
[SourceDate "2009.07.02"]
[SourceVersion "2"]
[SourceVersionDate "2009.07.15"]
[SourceQuality "1"]

1. e4 e6 2. d4 d5 3. Nc3 Nf6 4. e5 Nfd7 5. f4 c5 6. Nf3 Nc6 7. Be3 Qb6 8. Na4 Qa5+ 9. c3 b6 10. Bd2 c4 11. b4 Qa6 12. a3 Qb7 13. Be2 Be7 14. 0-0 Nf8 15. Qe1 Bd7 16. Bd1 g6 17. Bc2 0-0-0 18. Be3 h6 19. Bf2 Nh7 20. Nb2 Rdg8 21. Qb1 Qc7 22. Nd1 Kb7 23. Ne3 Qd8 24. Kh1 h5 25. a4 Kb8 26. Nd2 Qc7 27. Bg1 Bf8 28. h3 Bc8 29. Bh2 Bb7 30. Qe1 Qd8 31. Qf2 Be7 32. Nf3 Rg7 33. Bg3 Bc8 34. Bh4 Bxh4 35. Qxh4 Qxh4 36. Nxh4 Ne7 37. b5 Nf8 38. Nf3 h4 39. Ng4 Nf5 40. Kh2 Nd7 41. Ng5 Kc7 42. Bxf5 gxf5 43. Nf6 Nxf6 44. exf6 Rg6 45. Nxf7 Rhg8 46. Ng5 Rxf6 47. Nf3 Rh6 48. Rg1 Bd7 49. g3 hxg3+ 50. Rxg3 Rxg3 51. Kxg3 Be8 52. Ne5 Rh7 53. Kh2 Rg7 54. Nf3 Kd6 55. Ng5 Rg6 56. Kg3 Rh6 57. a5 Rg6 58. axb6 axb6 59. Ra6 Bxb5 60. Rxb6+ Bc6 61. Rb8 Rg7 62. h4 Ra7 63. h5 Ra3 64. h6 Rxc3+ 65. Kh4 Rc1 66. h7 1-0

[Event "Dubai op 11th"]
[Site "Dubai"]
[Date "2009.05.02"]
[Round "6"]
[White "Georg, Magdy"]
[Black "Khademalsharieh, Sarasadat"]
[Result "1-0"]
[WhiteElo "2277"]
[BlackElo "1806"]
[PlyCount "65"]
[EventDate "2009.04.26"]
[EventType "swiss"]
[EventRounds "9"]
[EventCountry "UAE"]
[SourceTitle "CBM 130 Extra"]
[Source "ChessBase"]
[SourceDate "2009.07.02"]
[SourceVersion "2"]
[SourceVersionDate "2009.07.15"]
[SourceQuality "1"]

1. d4 Nf6 2. Nf3 d5 3. e3 e6 4. Bd3 c5 5. c3 Nc6 6. Nbd2 Bd6 7. 0-0 0-0 8. dxc5 Bxc5 9. e4 e5 10. Qe2 d4 11. Nb3 Bb6 12. cxd4 Nxd4 13. Nbxd4 Bxd4 14. Nxd4 Qxd4 15. Be3 Qd8 16. Rfd1 Qe7 17. Rac1 b6 18. Bg5 h6 19. Bh4 Rd8 20. h3 Be6 21. b3 Rac8 22. Rxc8 Rxc8 23. Qb2 Bd7 24. Ba6 Rd8 25. Bxf6 Qxf6 26. Qd2 Kh7 27. Bb5 Bxb5 28. Qxd8 Qg6 29. Qh4 a5 30. Qg4 Qxg4 31. hxg4 Be2 32. Rd5 b5 33. f3 1-0

[Event "Internet Section 11A g/8'+2\""]
[Site "Dos Hermanas"]
[Date "2004.03.10"]
[Round "3"]
[White "Warner, Delisle"]
[Black "Georg, Magdy"]
[Result "0-1"]
[WhiteElo "2277"]
[BlackElo "2221"]
[PlyCount "96"]
[EventDate "2004.03.11"]
[EventType "swiss (blitz)"]
[EventRounds "9"]
[EventCountry "ESP"]
[SourceTitle "EXT 2005"]
[Source "ChessBase"]
[SourceDate "2004.11.15"]
[SourceVersion "1"]
[SourceVersionDate "2004.11.15"]
[SourceQuality "1"]

1. Nf3 e6 2. c4 b6 3. Nc3 Bb7 4. e4 Nf6 5. e5 Ne4 6. Nxe4 Bxe4 7. d4 Nc6 8. a3 Bxf3 9. gxf3 Qh4 10. f4 g6 11. Bg2 Rd8 12. Bxc6 dxc6 13. Qa4 Rxd4 14. Qxc6+ Rd7 15. Be3 Qg4 16. h3 Qh5 17. 0-0 Ke7 18. Kg2 Bh6 19. c5 Rhd8 20. a4 Kf8 21. a5 Kg7 22. axb6 axb6 23. cxb6 cxb6 24. Bxb6 Bxf4 25. Bxd8 Rxd8 26. Qf3 Qxe5 27. Ra7 Qg5+ 28. Kh1 Qf5 29. Ra4 e5 30. Qg4 Qc2 31. Rb4 h5 32. Qg2 Rd3 33. Rb7 Qc4 34. b4 Qe6 35. f3 Rd2 36. Rf2 Rd1+ 37. Rf1 Rd2 38. Rf2 Rd1+ 39. Rf1 Qd5 40. Rxd1 Qxd1+ 41. Qg1 Qxf3+ 42. Qg2 Qd1+ 43. Qg1 Qb3 44. Qg2 Be3 45. Qe4 Qd1+ 46. Kg2 Qe2+ 47. Kh1 Qf1+ 48. Kh2 Qg1# 0-1

[Event "Tanta op 6th"]
[Site "Tanta"]
[Date "2003.12.08"]
[Round "2"]
[White "Nanu, Ciprian Costica"]
[Black "Georg, Magdy"]
[Result "1-0"]
[WhiteElo "2463"]
[BlackElo "2222"]
[PlyCount "105"]
[EventDate "2003.12.07"]
[EventType "swiss"]
[EventRounds "9"]
[EventCountry "EGY"]
[SourceTitle "CBM 097 Extra"]
[Source "ChessBase"]
[SourceDate "2004.01.13"]
[SourceVersion "1"]
[SourceVersionDate "2004.01.13"]
[SourceQuality "1"]

1. e4 e6 2. d3 d5 3. Qe2 Be7 4. Nf3 Nf6 5. g3 c5 6. Bg2 Nc6 7. 0-0 b6 8. e5 Nd7 9. c4 d4 10. Ne1 Bb7 11. f4 Qc7 12. Nd2 0-0-0 13. Ne4 f5 14. exf6 gxf6 15. f5 e5 16. Bd2 Kb8 17. a3 a5 18. Nc2 h5 19. Rfb1 h4 20. b4 hxg3 21. hxg3 a4 22. b5 Na7 23. Kf2 Nc8 24. Rh1 Nd6 25. g4 Rdg8 26. Rxh8 Rxh8 27. Rh1 Nxe4+ 28. dxe4 Rxh1 29. Bxh1 Qd8 30. Ne1 Qg8 31. Kg3 Nf8 32. Nf3 Nh7 33. Bg2 Ng5 34. Bxg5 fxg5 35. Bf1 Qh8 36. Qe1 Bf6 37. Bd3 Kc7 38. Qc1 Qh6 39. Kg2 Qh8 40. Qh1 Qg8 41. Qh6 Qd8 42. Qh7+ Kb8 43. Nd2 Bc8 44. Nf1 Bd7 45. Ng3 Qc8 46. Nh5 Bd8 47. Qg7 Ka7 48. f6 Bc7 49. f7 Bd6 50. Nf6 Bf8 51. Qxg5 Be6 52. Qg8 Kb8 53. Nh7 1-0

[Event "Golden Cleopatra op 6th"]
[Site "Cairo"]
[Date "2002.04.11"]
[Round "5"]
[White "Georg, Magdy"]
[Black "Tork, Mohamed"]
[Result "1/2-1/2"]
[WhiteElo "2315"]
[BlackElo "2153"]
[PlyCount "114"]
[EventDate "2002.04.07"]
[EventType "swiss"]
[EventRounds "11"]
[EventCountry "EGY"]
[SourceTitle "CBM 087 Extra"]
[Source "ChessBase"]
[SourceDate "2002.05.03"]
[SourceVersion "2"]
[SourceVersionDate "2002.08.09"]
[SourceQuality "1"]

1. e4 c5 2. Nf3 g6 3. d3 Bg7 4. g3 Nc6 5. Bg2 d6 6. 0-0 Nh6 7. c3 0-0 8. h3 e5 9. a3 a5 10. a4 f6 11. d4 b6 12. dxe5 dxe5 13. Qd5+ Qxd5 14. exd5 Nd8 15. Na3 Ba6 16. Re1 Nb7 17. Bf1 Bxf1 18. Kxf1 Nd6 19. Nd2 Nhf7 20. Ndc4 Rab8 21. b3 Rfd8 22. Nxd6 Nxd6 23. Nc4 Nf7 24. Rd1 f5 25. Na3 Rb7 26. Ra2 e4 27. c4 Rbd7 28. Nb5 Be5 29. Re2 Kg7 30. h4 Re8 31. Kg2 h6 32. f3 exf3+ 33. Kxf3 g5 34. Rde1 Rde7 35. hxg5 hxg5 36. Bb2 Kf8 37. Bc1 g4+ 38. Kg2 Bxg3 39. Rxe7 Bxe1 40. Rxe8+ Kxe8 41. Bf4 Bh4 42. Nc7+ Kd7 43. Ne6 Bf6 44. Nf8+ Ke8 45. Ne6 Be5 46. Bxe5 Nxe5 47. Ng7+ Kd7 48. Nxf5 Nd3 49. Kg3 Nc1 50. Kxg4 Nxb3 51. Ne3 Nd4 52. Kf4 Ne2+ 53. Ke5 Nc3 54. d6 Nxa4 55. Nd5 Nb2 56. Nxb6+ Kd8 57. Kd5 a4 1/2-1/2

[Event "Golden Cleopatra op 6th"]
[Site "Cairo"]
[Date "2002.04.10"]
[Round "4"]
[White "Kamel, Nabil"]
[Black "Georg, Magdy"]
[Result "1/2-1/2"]
[WhiteElo "2144"]
[BlackElo "2315"]
[PlyCount "127"]
[EventDate "2002.04.07"]
[EventType "swiss"]
[EventRounds "11"]
[EventCountry "EGY"]
[SourceTitle "CBM 087 Extra"]
[Source "ChessBase"]
[SourceDate "2002.05.03"]
[SourceVersion "2"]
[SourceVersionDate "2002.08.09"]
[SourceQuality "1"]

1. d4 e6 2. e4 d5 3. Nc3 Bb4 4. e5 Qd7 5. Qg4 f5 6. Qh5+ g6 7. Qh3 b6 8. Bg5 Ba6 9. Nge2 h6 10. 0-0-0 Rh7 11. Be3 Qf7 12. g4 Bxc3 13. gxf5 Bxb2+ 14. Kxb2 gxf5 15. Rg1 Nc6 16. Nf4 Bxf1 17. Qxf1 Nge7 18. Qa6 Na5 19. Bd2 Nc4+ 20. Kc1 Kd7 21. Rg3 Rhh8 22. Qa4+ Kc8 23. Rdg1 Kb7 24. Qd7 Qe8 25. Qxe6 Nc6 26. Qxe8 Rhxe8 27. c3 Ne7 28. Rg7 Rg8 29. Rxg8 Rxg8 30. Rxg8 Nxg8 31. Nxd5 Kc6 32. Nf6 Nxf6 33. exf6 Kd7 34. Bxh6 Ke6 35. Bg5 c6 36. f3 Nd6 37. Kd2 b5 38. Kd3 a5 39. h4 Nf7 40. Ke3 Nd6 41. h5 Nc4+ 42. Kd3 Kf7 43. Bh4 Nb6 44. Bg5 Nc4 45. Ke2 Nb6 46. Ke3 Nd5+ 47. Kd3 Nb6 48. Kc2 Nc4 49. Kb3 Nb6 50. Bh4 Nc4 51. Kc2 Nd6 52. Kd3 Nc4 53. Bg5 Nb6 54. f4 Nc4 55. h6 Kg6 56. d5 c5 57. f7 Kxf7 58. Be7 Nb6 59. d6 Nd5 60. Bg5 Nb6 61. Kc2 a4 62. a3 Kg6 63. Kd3 Kh7 64. Kc2 1/2-1/2

[Event "Golden Cleopatra op 5th"]
[Site "Cairo"]
[Date "2001.05.09"]
[Round "8"]
[White "Elgabry, Mohsen"]
[Black "Georg, Magdy"]
[Result "1/2-1/2"]
[WhiteElo "2328"]
[BlackElo "2277"]
[PlyCount "99"]
[EventDate "2001.05.02"]
[EventType "swiss"]
[EventRounds "10"]
[EventCountry "EGY"]
[SourceTitle "CBM 082 Extra"]
[Source "ChessBase"]
[SourceDate "2001.07.03"]
[SourceVersion "1"]
[SourceVersionDate "2001.07.03"]
[SourceQuality "1"]

1. b3 e5 2. Bb2 Nc6 3. e3 d5 4. Bb5 f6 5. d4 e4 6. c4 a6 7. cxd5 Qxd5 8. Bc4 Qg5 9. Kf1 Bd6 10. h4 Qg6 11. h5 Qh6 12. Bd5 f5 13. Bxc6+ bxc6 14. Qc2 Ne7 15. Nd2 0-0 16. g3 Be6 17. Nc4 Nd5 18. Ne2 g5 19. Nxd6 cxd6 20. Ba3 Bd7 21. Ke1 a5 22. Qc4 Rf7 23. Kd2 Nb6 24. Qc3 Nd5 25. Qc4 Nb6 26. Qc1 Qe6 27. h6 Rf6 28. Rh5 Rg6 29. Qc3 Nd5 30. Qc4 Nf6 31. Qxe6+ Bxe6 32. Rhh1 Ng4 33. Bxd6 Bxb3 34. Be7 Bc4 35. Rh5 Rb8 36. Ba3 Kf7 37. Rc1 Bxa2 38. Rc5 Bd5 39. Nc3 Nf6 40. Rh1 a4 41. Ra5 Rb7 42. Nxa4 Rg8 43. Nc5 Rbb8 44. Ra7+ Kg6 45. Nd7 Nxd7 46. Rxd7 Rbd8 47. Re7 Rde8 48. Rd7 Rd8 49. Re7 Rde8 50. Rd7 1/2-1/2

[Event "Tanta op 4th"]
[Site "Tanta"]
[Date "2001.04.24"]
[Round "6"]
[White "Abdel Razik, Khaled"]
[Black "Georg, Magdy"]
[Result "1-0"]
[WhiteElo "2365"]
[BlackElo "2277"]
[PlyCount "97"]
[EventDate "2001.04.18"]
[EventType "swiss"]
[EventRounds "9"]
[EventCountry "EGY"]
[SourceTitle "CBM 082 Extra"]
[Source "ChessBase"]
[SourceDate "2001.07.03"]
[SourceVersion "1"]
[SourceVersionDate "2001.07.03"]
[SourceQuality "1"]

1. d4 e6 2. Nf3 Nf6 3. Bg5 d5 4. Nbd2 Be7 5. e3 Nbd7 6. Bd3 c5 7. c3 h6 8. Bh4 b6 9. 0-0 Bb7 10. Ne5 Nxe5 11. dxe5 Nd7 12. Bg3 h5 13. f4 g6 14. Qc2 Rg8 15. c4 h4 16. Be1 Qc7 17. cxd5 Bxd5 18. Be4 0-0-0 19. Bxd5 exd5 20. Nf3 Rh8 21. h3 Nf8 22. b4 Ne6 23. bxc5 Bxc5 24. Bf2 Ng7 25. Rfc1 Kb8 26. a4 Rc8 27. a5 Qb7 28. Qd3 Nf5 29. axb6 Bxb6 30. Rxc8+ Rxc8 31. Nxh4 Nxh4 32. Bxh4 Rc4 33. Kh2 Qc6 34. Bg3 Rc3 35. Qf1 Ka8 36. f5 gxf5 37. Qxf5 Qe6 38. e4 d4 39. Rf1 d3 40. Qg5 d2 41. Qxd2 Rxg3 42. Kxg3 Qxe5+ 43. Qf4 Qc3+ 44. Kg4 Qb2 45. g3 Qe2+ 46. Qf3 Qc4 47. h4 a5 48. Qxf7 Qxe4+ 49. Kh3 1-0

[Event "Cairo op-B"]
[Site "Cairo"]
[Date "2000.??.??"]
[Round "7"]
[White "Abdel Samee, Mohamed"]
[Black "Georg, Magdy"]
[Result "0-1"]
[WhiteElo "2218"]
[BlackElo "2246"]
[PlyCount "36"]
[EventDate "2000.??.??"]
[EventType "swiss"]
[EventRounds "9"]
[EventCountry "EGY"]
[SourceTitle "EXT 2001"]
[Source "ChessBase"]
[SourceDate "2000.11.22"]
[SourceVersion "1"]
[SourceVersionDate "2000.11.22"]
[SourceQuality "1"]

1. e4 e6 2. d4 d5 3. exd5 exd5 4. Nf3 Nc6 5. Bd3 Bd6 6. 0-0 Nge7 7. c3 Bg4 8. b3 Qd7 9. Nbd2 f6 10. Re1 0-0-0 11. b4 Rde8 12. a4 Ng6 13. Rxe8+ Rxe8 14. a5 Nh4 15. Qf1 Nxg2 16. a6 Nf4 17. axb7+ Kb8 18. b5 Bxf3 0-1

[Event "Cairo op-B"]
[Site "Cairo"]
[Date "2000.??.??"]
[Round "5"]
[White "Farahat, Ali"]
[Black "Georg, Magdy"]
[Result "1-0"]
[WhiteElo "2243"]
[BlackElo "2246"]
[PlyCount "79"]
[EventDate "2000.??.??"]
[EventType "swiss"]
[EventRounds "9"]
[EventCountry "EGY"]
[SourceTitle "EXT 2001"]
[Source "ChessBase"]
[SourceDate "2000.11.22"]
[SourceVersion "1"]
[SourceVersionDate "2000.11.22"]
[SourceQuality "1"]

1. e4 c5 2. Nf3 e6 3. Nc3 Nc6 4. d4 cxd4 5. Nxd4 Nf6 6. Ndb5 Bb4 7. a3 Bxc3+ 8. Nxc3 d5 9. exd5 exd5 10. Bd3 d4 11. Qe2+ Be6 12. Ne4 Nxe4 13. Qxe4 Qd5 14. Bf4 0-0-0 15. 0-0 g5 16. Qxd5 Rxd5 17. Bd2 Bf5 18. c4 dxc3 19. Bxf5+ Rxf5 20. Bxc3 Rd8 21. Rfe1 h5 22. h3 b5 23. Rac1 Kb7 24. Re4 Rfd5 25. g4 hxg4 26. hxg4 a5 27. Kg2 R8d6 28. Rh1 f5 29. Rh7+ Kb6 30. gxf5 Rxf5 31. f3 b4 32. axb4 axb4 33. Be1 Ne5 34. Rxb4+ Kc6 35. Bf2 Rd2 36. Rb6+ Kd5 37. Ra7 Rxf3 38. Ra5+ Kc4 39. Rc6+ Kd3 40. Rd5+ 1-0

[Event "Golden Cleopatra op 3rd"]
[Site "Cairo"]
[Date "1999.04.15"]
[Round "5"]
[White "Georg, Magdy"]
[Black "Aboudi, Marwan"]
[Result "1-0"]
[WhiteElo "2308"]
[BlackElo "2244"]
[PlyCount "177"]
[EventDate "1999.04.11"]
[EventType "swiss"]
[EventRounds "9"]
[EventCountry "EGY"]
[SourceTitle "CBM 069 Extra"]
[Source "ChessBase"]
[SourceDate "1999.05.10"]
[SourceVersion "1"]
[SourceVersionDate "1999.05.10"]
[SourceQuality "1"]

1. Nf3 Nf6 2. g3 g6 3. Bg2 Bg7 4. d3 d5 5. 0-0 0-0 6. Nbd2 Nbd7 7. e4 dxe4 8. dxe4 e5 9. Re1 b6 10. b3 Bb7 11. Bb2 Re8 12. a4 a5 13. Qe2 Qe7 14. h3 Bh6 15. Nc4 Ba6 16. Bf1 Nh5 17. Rad1 Rad8 18. Nh2 Qc5 19. Ng4 Bg5 20. Qf3 Bb7 21. h4 Bf6 22. Rxd7 Rxd7 23. Nxf6+ Nxf6 24. Qxf6 Re6 25. Qg5 f5 26. exf5 Qd5 27. f3 Qxf3 28. Re2 Rd1 29. Nd2 Rxf1+ 30. Nxf1 Qxe2 31. Qd8+ Kf7 32. fxe6+ Kxe6 33. Qd2 Qf3 34. Bc1 Qh1+ 35. Kf2 Ba6 36. c4 Bb7 37. Qe3 Bg2 38. Qd3 Be4 39. Qe2 h5 40. Bb2 Kf5 41. Ke1 Qg1 42. Qf2+ Qxf2+ 43. Kxf2 Bb1 44. Ke3 Bc2 45. Nd2 c5 46. Ke2 Ke6 47. Nf3 Bxb3 48. Nxe5 Kf5 49. Nd7 Bxc4+ 50. Ke3 b5 51. axb5 Bxb5 52. Nxc5 Kg4 53. Be5 g5 54. Bf6 gxh4 55. gxh4 a4 56. Kd4 a3 57. Kc3 a2 58. Kb2 Bc4 59. Na4 Kf5 60. Bg5 Bf7 61. Nc3 a1Q+ 62. Kxa1 Be8 63. Nd5 Ba4 64. Kb2 Bb5 65. Kc3 Be2 66. Kd4 Bf3 67. Nf4 Bd1 68. Kd5 Bb3+ 69. Kd6 Kg4 70. Ke7 Bd1 71. Kf6 Ba4 72. Ng2 Bb5 73. Ne3+ Kh3 74. Kg6 Be8+ 75. Kh6 Kg3 76. Be7 Kf3 77. Nd5 Kg3 78. Kg5 Kf3 79. Nf6 Bf7 80. Bd6 Ke3 81. Be5 Kf3 82. Bf4 Ke2 83. Nxh5 Kd3 84. Ng7 Kd4 85. Kf6 Bg8 86. h5 Ke4 87. Ne6 Kf3 88. h6 Kg4 89. Kg7 1-0

[Event "Golden Cleopatra op 3rd"]
[Site "Cairo"]
[Date "1999.04.12"]
[Round "2"]
[White "Georg, Magdy"]
[Black "Volzhin, Alexander"]
[Result "0-1"]
[WhiteElo "2308"]
[BlackElo "2548"]
[PlyCount "130"]
[EventDate "1999.04.11"]
[EventType "swiss"]
[EventRounds "9"]
[EventCountry "EGY"]
[SourceTitle "CBM 069 Extra"]
[Source "ChessBase"]
[SourceDate "1999.05.10"]
[SourceVersion "1"]
[SourceVersionDate "1999.05.10"]
[SourceQuality "1"]

1. e4 Nf6 2. d3 Nc6 3. Nf3 e5 4. Nbd2 Bc5 5. Be2 0-0 6. 0-0 d5 7. c3 a5 8. a4 Ba7 9. b4 dxe4 10. dxe4 axb4 11. cxb4 Nxb4 12. Ba3 Qe7 13. Qb3 c5 14. Qb2 Bg4 15. Rfe1 Bb8 16. Bb5 Rd8 17. Qc3 Bc7 18. Rec1 Bxf3 19. Nxf3 Nxe4 20. Qc4 Nf6 21. Qxc5 Bd6 22. Qe3 e4 23. Bxb4 Bxb4 24. Nd4 Qe5 25. Nb3 Nd5 26. Qg3 Qf6 27. h4 Nc3 28. Qg5 Qxg5 29. hxg5 g6 30. Bf1 Rd5 31. a5 Rxg5 32. a6 bxa6 33. Rxa6 Rxa6 34. Bxa6 Rd5 35. Ra1 Kg7 36. Bc4 Rd1+ 37. Rxd1 Nxd1 38. Kf1 Nc3 39. g3 f5 40. Nd4 Kf6 41. Ne2 Nd1 42. Bb3 Nb2 43. Nf4 Bc5 44. Bc2 Ke5 45. Ke2 g5 46. Nh5 Nd3 47. f3 Nb4 48. Bb1 Nd5 49. Bc2 e3 50. Bd3 h6 51. Ng7 f4 52. g4 Nc3+ 53. Kf1 Na2 54. Bc4 Nb4 55. Be2 Nc6 56. Ke1 Nd4 57. Bd1 Bf8 58. Nh5 Ke6 59. Kf1 Kf7 60. Ke1 Bd6 61. Kf1 Be5 62. Be2 Ke6 63. Ke1 Nxe2 64. Kxe2 Kd5 65. Kd3 Bd4 0-1

[Event "Golden Cleopatra op 3rd"]
[Site "Cairo"]
[Date "1999.04.11"]
[Round "1"]
[White "Abdel Aziem, Ramadan"]
[Black "Georg, Magdy"]
[Result "1-0"]
[WhiteElo "2189"]
[BlackElo "2308"]
[PlyCount "79"]
[EventDate "1999.04.11"]
[EventType "swiss"]
[EventRounds "9"]
[EventCountry "EGY"]
[SourceTitle "CBM 069 Extra"]
[Source "ChessBase"]
[SourceDate "1999.05.10"]
[SourceVersion "1"]
[SourceVersionDate "1999.05.10"]
[SourceQuality "1"]

1. e4 e6 2. d4 d5 3. Nc3 Bb4 4. e5 Qd7 5. a3 Bxc3+ 6. bxc3 b6 7. a4 Ba6 8. Bxa6 Nxa6 9. Nf3 Nb8 10. 0-0 Nc6 11. Qd3 Na5 12. Nd2 Qc6 13. Ba3 h5 14. Bb4 Nc4 15. a5 b5 16. Nb3 a6 17. Qg3 g6 18. Qg5 Qd7 19. Nc5 Qd8 20. Qf4 Ra7 21. Rad1 Nh6 22. h4 Nf5 23. g3 c6 24. Kg2 Rg8 25. Qg5 Qxg5 26. hxg5 Kd8 27. Rh1 Kc7 28. Kf3 Raa8 29. Rdg1 Rh8 30. Rh3 Ng7 31. Rgh1 Nf5 32. Ke2 Ng7 33. g4 Rhg8 34. Rf3 Rgf8 35. Nxa6+ Kb7 36. Bxf8 Rxf8 37. Nc5+ Kc8 38. gxh5 gxh5 39. a6 Nf5 40. Rxh5 1-0

[Event "Tanta op 2nd"]
[Site "Tanta"]
[Date "1998.11.17"]
[Round "2"]
[White "Arizmendi Martinez, Julen Luis"]
[Black "Georg, Magdy"]
[Result "1-0"]
[WhiteElo "2440"]
[BlackElo "2330"]
[PlyCount "65"]
[EventDate "1998.11.16"]
[EventType "swiss"]
[EventRounds "9"]
[EventCountry "EGY"]
[SourceTitle "CBM 067 Extra"]
[Source "ChessBase"]
[SourceDate "1999.01.01"]
[SourceVersion "1"]
[SourceVersionDate "1999.01.01"]
[SourceQuality "1"]

1. e4 e6 2. d4 d5 3. Nc3 Bb4 4. exd5 exd5 5. Bd3 Nc6 6. a3 Be7 7. Be3 Bf6 8. Qh5 Nge7 9. Nge2 Be6 10. Nf4 Qd7 11. Nxe6 Qxe6 12. 0-0-0 g6 13. Qf3 Bxd4 14. Bxd4 Nxd4 15. Qf4 Nec6 16. Nb5 Rc8 17. Nxc7+ Rxc7 18. Qxc7 Qf6 19. Bb5 0-0 20. Bxc6 Nxc6 21. Rxd5 Re8 22. Rd2 b5 23. Rhd1 Kg7 24. g3 Ne5 25. Qc3 b4 26. axb4 Qa6 27. Kb1 f6 28. Rd6 Qe2 29. f4 Ng4 30. h3 Re3 31. Qc7+ Re7 32. Qxe7+ Qxe7 33. Rd7 1-0

[Event "Cairo-A"]
[Site "Cairo"]
[Date "1997.??.??"]
[Round "7"]
[White "El Ghazali, Youssef M"]
[Black "Georg, Magdy"]
[Result "1-0"]
[WhiteElo "2275"]
[BlackElo "2345"]
[PlyCount "53"]
[EventDate "1997.03.26"]
[EventType "tourn"]
[EventRounds "11"]
[EventCountry "EGY"]
[EventCategory "7"]
[SourceTitle "CBM 057 Extra"]
[Source "ChessBase"]
[SourceDate "1997.05.01"]
[SourceVersion "1"]
[SourceVersionDate "1997.05.01"]
[SourceQuality "1"]

1. c4 e6 2. Nf3 Nf6 3. b3 b6 4. g3 Bb7 5. Bg2 Be7 6. Bb2 0-0 7. 0-0 d6 8. Qc2 a5 9. Ng5 Bxg2 10. Bxf6 g6 11. Nxe6 Qc8 12. Bxe7 Bxf1 13. Nxf8 Qb7 14. e4 Bh3 15. Nc3 Nc6 16. Bf6 Nb4 17. Qd1 Kxf8 18. Qf3 Qc8 19. a3 Na6 20. Nd5 Ke8 21. Bh4 f5 22. exf5 Qxf5 23. Nf6+ Kf7 24. Qxa8 g5 25. Ng8 Qe5 26. d4 Qxd4 27. Nh6+ 1-0